000 01046nam a2200313 u 4500
001
003 DO-SdBNP
005 20220916100109.0
008 100812s2004 dr a r 000 0 spa d
020 _a9993420212
040 _aDO-SdBNP
_bspa
_cBPMSU
082 _a301.27293
_bA577d, 2004
_222
100 1 _aAndújar Persinal, Carlos,
_d1956-
245 1 3 _aDe cultura y sociedad /
_cCarlos Andújar Persinal
_b
250 _a2a ed.
260 _aSanto Domingo :
_bFundación Montespán,
_c2004
300 _a199 p. :
_bil. ;
_c23 cm.
500 _aIncluye datos biográficos del autor en las solapas
504 _aBibliografía : p. 231-235
590 _aInventariado, 2022/VM
650 4 _aCultura
_zRepública Dominicana
_vArtículos periodísticos
650 4 _aAntropología social
650 4 _aIdentidad nacional
_zRepública Dominicana
700 1 _aRosario, Fari,
_eeditor
700 1 _aSilié, Rubén
_d1946-
_eprólogo
710 2 _aFundación Montespán (República Dominicana)
910 _aVMateo V.
942 _2ddc
_cBK
999 _c14253
_d14253